LEADER 01035nam0 2200277 450 001 000035530 005 20241024124542.0 100 $a20230420d1960----km-y0itay50------ba 101 0 $afre 102 $aFR 105 $ay-------001yy 200 1 $a<>banque et l'état$ela politique économique et l'évolution des techniques bancaires en France depuis 1945$fPhilippe Aymard$gpreface de Wilfrid Baumgartner 210 $aParis$cColin$d1960 215 $a288 p.$d24 cm 225 2 $aCahiers de la fondation nationale des sciences politiques$v111 410 0$12001$aCahiers de la fondation nationale des sciences politiques 500 10$a<>banque et l'état$9610220 610 1 $aBanche$aPolitica economica$aFrancia 676 $a332$v22$9Economia finanziaria 700 1$aAymard,$bPhilippe$0213428 702 1$aBaumgartner,$bWilfrid 801 0$aIT$bUNIPARTHENOPE$c20230420$gREICAT$2UNIMARC 912 $a000035530 951 $aDIP I-0096$b953 ex RTC$cNAVA2$d2023 996 $aBanque et l'état$9610220 997 $aUNIPARTHENOPE LEADER 02598oas 2201117 a 450 001 9910307940203321 005 20260218113026.0 011 $a2190-3824 035 $a(DE-599)ZDB2596978-X 035 $a(DE-599)2596978-X 035 $a(OCoLC)60621955 035 $a(CONSER) 2025207082 035 $a(CKB)954927654903 035 $a(DE-599)3231943-5 035 $a(EXLCZ)99954927654903 100 $a20050614a19719999 uy 101 0 $ager 135 $aur||||||||||| 181 $ctxt$2rdacontent 181 $csti$2rdacontent 182 $cc$2rdamedia 183 $acr$2rdacarrier 200 04$aDer Freie Zahnarzt 210 $a[Frankfurt am Main] $c[Kirn & Birner] 210 3 $a[Heidelberg] $cSpringer-Verlag 215 $aOnline resource $cillustrations, portraits 300 $aOfficial organ of Freier Verband Deutscher Zahna?rzte. 311 08$a0340-1766 517 1 $aDFZ 606 $aDentistry$vPeriodicals 606 $aDentistry 606 $aDentistry$2fast$3(OCoLC)fst00890633 606 $aDentisterie$vPe?riodiques 606 $aDentisterie$zAllemagne$vPe?riodiques 606 $aDentisterie 606 $adentistry$2aat 608 $aPeriodical 608 $aPeriodicals.$2fast 608 $aPeriodicals.$2lcgft 608 $aperiodicals.$2aat 608 $aPe?riodiques.$2rvmgf 615 0$aDentistry 615 2$aDentistry 615 7$aDentistry. 615 6$aDentisterie 615 6$aDentisterie 615 6$aDentisterie. 615 7$adentistry. 676 $a617.6005 712 02$aFreier Verband Deutscher Zahna?rzte, 801 0$bOCLCS 801 1$bOCLCS 801 2$bOCLCQ 801 2$bUKMGB 801 2$bTXA 801 2$bOCLCF 801 2$bOCLCO 801 2$bOCLCQ 801 2$bOCLCO 801 2$bOCLCQ 801 2$bVT2 801 2$bZ5A 801 2$bAUD 801 2$bU3W 801 2$bOCLCO 801 2$bWYU 801 2$bOCLCO 801 2$bOCLCA 801 2$bCNTRU 801 2$bUBY 801 2$bUKBTH 801 2$bUHL 801 2$bHS0 801 2$bEQF 801 2$bUWK 801 2$bSXB 801 2$bCUS 801 2$bHQ1 801 2$bOCLCQ 801 2$bOCLCO 801 2$bOCLCQ 801 2$bSFB 801 2$bQGK 801 2$bOCLCQ 801 2$bOCLCL 801 2$bDLC 801 2$bOCLCL 801 2$bSRU 801 2$bEUX 801 2$bUAB 801 2$bVYL 801 2$bDLC 906 $aJOURNAL 912 $a9910307940203321 996 $aDer Freie Zahnarzt$91953865 997 $aUNINA